00395 2200157 4500001002100000008004100021035002000062245003100082100001400113260003200127300002200159020002200181084001400203082000800217990001200225INLIS000000000002851 IND  a0010-0925000198 aJadilah CintakucDien Ilmi aDien Ilmi aJakartabRumah Oranyec2015 a224c(13 x 19 cm) a978-602-1588-44-4 a813 DIE j a813 a0755073